Statistics for Civilization IV Units (Vanilla)

Click here to take the quiz!

General Stats

  • This quiz has been taken 10 times
  • The average score is 27 of 65

Answer Stats

Combat Strength Movement Combat Bonuses Unique Unit? Combat Type Answer % Correct
02None, can build improvementsNoNoneWorker
89%
02None, can found cityNoNoneSettler
78%
02EspionageNoReconSpy
78%
02None, can build improvements (Faster)IndiaNoneFast Worker
67%
42Better result from TribalNoReconExplorer
67%
21+25% City DefenseNoMeleeWarrior
67%
61+50% vs MeleeNoArcheryCrossbowman
67%
310-1 First Strike, +50% City Defense, +25% Hills DefenseNoArcheryArcher
67%
812 First Strike, +50% vs MeleeJapanMeleeSamurai
56%
282Collateral, Starts with BlitzNoArmoredTank
56%
121Collateral, Bombard, WithdrawlNoSiegeCannon
56%
51Collateral, Bombard, WithdrawlNoSiegeCatapult
56%
241+50% Attack vs Machine Gun, +50% Attack vs Artillery, Starts with AmphibiousNoGunpowderMarine
56%
201+25% vs GunpowderNoGunpowderInfantry
56%
141+25% vs MountedNoGunpowderRifleman
56%
91NoneNoGunpowderMusketman
56%
51+10% City Attack, +50% Defense in Forest/JungleAztecMeleeJaguar
56%
12Better result from TribalNoReconScout
56%
41+100% vs MountedNoMeleeSpearman
56%
61+100% vs MountedNoMeleePikeman
56%
61+10% City AttackNoMeleeSwordsman
56%
81+50% vs MeleeNoMeleeMaceman
44%
22No Enter Ocean, Carry 2 Land UnitsNoNavalGalley
44%
282Collateral, Starts with Blitz, +50% vs ArmoredGermanyArmoredPanzer
44%
181Collateral, Bombard, WithdrawlNoSiegeArtillery
44%
51+50% vs MeleeNoMeleeAxeman
44%
161+25% vs Mounted, +25% vs GunpowderEnglandGunpowderRedcoat
44%
121+50% Attack vs RiflemanNoGunpowderGrenadier
44%
92NoneFranceGunpowderMusketeer
44%
241+50% Attack vs Machine Gun, +50% Attack vs Artillery, Starts with March, AmphibiousAmericaGunpowderNavy SEAL
44%
01Nuke TilesNoNoneICBM
44%
61+25% City Defense, + 25% Hills DefenseNoArcheryLongbowman
44%
102Immune to FS, +50% vs Melee, 15% WithdrawlSpainMountedConquistador
44%
61+50% vs Melee, CollateralChinaArcheryCho-ko-nu
44%
20Range: 12Collateral, Bombard, Invisible, -50% vs NavalNoAircraftStealth Bomber
33%
16Range: 8Collateral, BombardNoAircraftBomber
33%
406Collateral, BombardNoNavalBattleship
33%
246Invisible, 50% WithdrawlNoNavalSubmarine
33%
84BombardNoNavalFrigate
33%
44Carry 3 Land UnitsNoNavalGalleon
33%
4021 First Strike, Collateral, Starts with BlitzNoArmoredModern Armor
33%
152+50% Attack vs Cannon, 30% WithdrawlNoMountedCavalry
33%
181Can only Defend, +50% vs GunpowderNoSiegeMachine Gun
33%
10220% WithdrawlArabiaMountedCamel Archer
33%
81NoneRomeMeleePraetorian
33%
62Immune to FS, +50% Attack vs Catapult, 20% WithdrawlNoMountedHorse Archer
33%
102Immune to FSNoMountedKnight
33%
42Can fortify, +50% vs Archery, 10% WithdrawlPersiaMountedImmortal
33%
51+100% vs Mounted, +25% Hill DefenseGreeceMeleePhalanx
33%
81+50% vs MountedNoMountedWar Elephant
33%
181Can intercept, +50% vs HelicopterNoGunpowderSAM Infantry
33%
52Immune to First Strikes, 10% WithdrawlEgyptMountedWar Chariot
33%
4210% WithdrawlNoMountedChariot
33%
12Range: 6Can Intercept Aircraft, BombardNoAircraftFighter
22%
62Ignore Terrain Costs, Immune to FS, +50% Attack vs CatapultMongolsMountedKeshik
22%
308Can see Submarine, BombardNoNavalDestroyer
22%
21+25% City Defense, +100% vs ArcheryIncaMeleeQuechua
22%
165Carry 3 AircraftNoNavalCarrier
22%
165Carry 4 Land UnitsNoNavalTransport
22%
33Carry 1 Missionary, Recon, or Great Person, Explore Rival TerritoryNoNavalCaravel
22%
411-2 First Strike, +50% City Defense, +25% Hills DefenseMaliArcherySkirmisher
22%
322Intercept Aircraft, Starts with MarchNoGunpowderMechanized Infantry
22%
204Flies over Terrain, +100% vs Armored, No Capture City, 25% WithdrawlNoHelicopterGunship
11%
122Bombard, No Enter OceanNoNavalIronclad
11%
24Range: 10Can Intercept Aircraft, BombardNoAircraftJet Fighter
0%

Score Distribution

Percentile by Number Answered

Percent of People with Each Score

Your Score History

You have not taken this quiz